000 00397nam a2200121Ia 4500
008 230907s9999||||xx |||||||||||||| ||und||
082 _a621.199
_bPET
100 _aPetchers, Neil.
_9115781
245 0 _aCombined heating, cooling & power handbook :
260 _aThe Fairmont Press ; | Distributed by Marcel Dekker,
_bLilburn, GA : | New York, NY :
_c2012
300 _axxvi, 886 p. :
942 _cBK
999 _c599542
_d599542